Η επίδραση των βασικών οικολογικών παραγόντων στην ανάπτυξη της βλάστησης των μεσογειακών οικοσυστημάτων : η περίπτωση της Λέσβου : πτυχιακή εργασία

Αποθηκεύτηκε σε:
Λεπτομέρειες βιβλιογραφικής εγγραφής
Κύριος συγγραφέας: Καζάκου, Ελένη
Συγγραφή απο Οργανισμό/Αρχή: Πανεπιστήμιο Αιγαίου. Σχολή Περιβάλλοντος. Τμήμα Περιβάλλοντος
Άλλοι συγγραφείς: Γιούργα, Χριστίνα (dgsf [Επιβλέπουσα καθηγήτρια])
Μορφή: Thesis Βιβλίο
Γλώσσα:Greek
Δημοσίευση: 2001.
Θέματα:
Διαθέσιμο Online:http://hdl.handle.net/11610/10248
Ετικέτες: Προσθήκη ετικέτας
Δεν υπάρχουν, Καταχωρήστε ετικέτα πρώτοι!

MARC

LEADER 00000cam a2200000 i 4500
001 1/57366
008 040610s2001 gre d
035 |l 10073758 
040 |a GR-MY-UA  |b gre  |e aacr 
041 0 |a gre 
082 0 |a 577  |2 (22) 
100 1 |a Καζάκου, Ελένη. 
245 1 2 |a Η επίδραση των βασικών οικολογικών παραγόντων στην ανάπτυξη της βλάστησης των μεσογειακών οικοσυστημάτων :   |b η περίπτωση της Λέσβου : πτυχιακή εργασία /   |c Ελένη Καζάκου ; επιβλέπουσα καθηγήτρια Γιούργα Χριστίνα.  
260 |c 2001.  
300 |a 68 σ. :   |b διαγρ., πιν., φωτ. ;   |c 30 εκ.  
502 |a Πτυχιακή εργασία - Πανεπιστήμιο Αιγαίου, Λέσβος, 2001.  
504 |a Βιβλιογραφία: 50-53.  
650 0 0 |a Mediterranean-type plants  |x Growth. 
650 0 |a Mediterranean-type ecosystems  |z Greece  |z Lesbos (Municipality) 
650 0 0 |a Dissertations, Academic  |z Greece. 
700 1 |a Γιούργα, Χριστίνα,  |e dgsf [Επιβλέπουσα καθηγήτρια] 
710 2 |a Πανεπιστήμιο Αιγαίου.   |b Σχολή Περιβάλλοντος.   |b Τμήμα Περιβάλλοντος. 
852 |a INST  |b LESVOS  |c DIATR  |e 20040610  |h 683  |p 005100030561  |q 005100030561  |t DIE  |y 23 
852 |a INST  |b LESVOS  |c DIATR  |e 20040610  |h 684  |p 005100030562  |q 005100030562  |t DIE  |y 23 
856 |u http://hdl.handle.net/11610/10248 
901 |a BIBL1-2004-2 
909 |a Λ  |b 100795 
909 |a Λ  |b 100794 
924 |a ΚΑΖΑΚΟΥ  |b ΕΛΕΝΗ  |y ΛΕΣΒΟΣ  |z 2002-02 
970 |a ΠΑΤΣΗ  |b ΑΝΘΙΠΠΗ  |z 2004/06/15